DIFFERENTIATED ASSESSMENT STRATEGIES: ONE TOOL DOESN'T FIT ALL (Record no. 169870)
[ view plain ]
| 000 -LEADER | |
|---|---|
| fixed length control field | 00656nam a2200193Ia 4500 |
| 003 - CONTROL NUMBER IDENTIFIER | |
| control field | OSt |
| 005 - DATE AND TIME OF LATEST TRANSACTION | |
| control field | 20260219104619.0 |
| 020 ## - INTERNATIONAL STANDARD BOOK NUMBER | |
| International Standard Book Number | 978-0-7619-8891-5 |
| 040 ## - CATALOGING SOURCE | |
| Transcribing agency | LC |
| 050 ## - LIBRARY OF CONGRESS CALL NUMBER | |
| Classification number | LB 3051.C 493 2005 |
| 100 ## - MAIN ENTRY--PERSONAL NAME | |
| Personal name | `CHAPMAN, CAROLYN |
| 245 #0 - TITLE STATEMENT | |
| Title | DIFFERENTIATED ASSESSMENT STRATEGIES: ONE TOOL DOESN'T FIT ALL |
| 260 ## - PUBLICATION, DISTRIBUTION, ETC. | |
| Place of publication, distribution, etc. | THOUSAND OAKS, CALIFORNIA, |
| Name of publisher, distributor, etc. | CORWIN PRESS, INC, |
| Date of publication, distribution, etc. | 2005, |
| 300 ## - PHYSICAL DESCRIPTION | |
| Extent | XXXi, 216 P, ILL |
| 500 ## - GENERAL NOTE | |
| General note | INCLUDES BIBLIOGRAPHICAL REFERENCES AND INDEX |
| 650 ## - SUBJECT ADDED ENTRY--TOPICAL TERM | |
| Topical term or geographic name entry element | 1.Educational tests and measurements2. Individualized instruction3. Mixed ability grouping in education |
| 700 ## - ADDED ENTRY--PERSONAL NAME | |
| Personal name | KING RITA, MARTI RICHARDSON |
| 942 ## - ADDED ENTRY ELEMENTS (KOHA) | |
| Koha item type | Long Loan Book |
| Source of classification or shelving scheme | Library of Congress Classification |
| Withdrawn status | Lost status | Source of classification or shelving scheme | Damaged status | Not for loan | Collection | Home library | Current library | Shelving location | Date acquired | Inventory number | Total checkouts | Full call number | Barcode | Date last seen | Copy number | Price effective from | Koha item type |
|---|---|---|---|---|---|---|---|---|---|---|---|---|---|---|---|---|---|
| Library of Congress Classification | Arts & Social Sciences | Kisii University Library | Kisii University Library | On Display | 06/28/2024 | 83971 | LB 3051 .C 493 2005 | 000000007777 | 06/28/2024 | 8 | 06/28/2024 | Long Loan Book |